Curso de química inorgánica /

Contenido: Química inorgánica; Los elementos; Estructura electrónica; Clasificación periódica de los elementos; Algunas propiedades periódicas de los elementos; El hidrógeno; El oxígeno, la atmósfera; El agua; Acidez-basicidad, ácidos y bases; Oxidorreducción, oxidantes y reductores; El peróxido de...

Descripció completa

Guardat en:
Dades bibliogràfiques
Autor principal: Bernard, Maurice (autor)
Format: Llibre
Idioma:espanyol
Publicat: México : CECSA, 1995, c1995
Matèries:
Etiquetes: Afegir etiqueta
Sense etiquetes, Sigues el primer a etiquetar aquest registre!

MARC

LEADER 00000nam^a2200000^a^4500
001 000143219
005 20250521000000.0
009 20260310095717.676
020 |a 968-26-1289-6 
037 |a Acervo ITESO - Biblioteca 
041 |a ESP 
082 |a 546.  |b BER 
100 |a Bernard, Maurice  |e (autor) 
245 1 0 |a Curso de química inorgánica /  |c M. Bernard ; tr. por Yolanda Francis G. 
264 4 |a México :  |b CECSA,  |c 1995, c1995 
300 |a XII, 454 p. 
336 |a texto  |b txt  |2 rdacontenido 
337 |a sin mediación  |b n  |2 rdamedio 
338 |a volumen  |b nc  |2 rdasoporte 
500 |a Traducción de: Cours de chimie minérale 
520 |a Contenido: Química inorgánica; Los elementos; Estructura electrónica; Clasificación periódica de los elementos; Algunas propiedades periódicas de los elementos; El hidrógeno; El oxígeno, la atmósfera; El agua; Acidez-basicidad, ácidos y bases; Oxidorreducción, oxidantes y reductores; El peróxido de hidrógeno; Los gases nobles; Los halógenos, el cloro; El azufre; Elementos del grupo: 15 nitrógeno y fósforo; 14 carbono y silicio; 13 el boro; Generalidades sobre los metales; El aluminio; Elementos del grupo 1: metales alcalinos; Grupo 2: magnesio y calcio; Elementos de transición, compuestos de coordinación; El hierro; El cobre; El titanio. 
649 |a XX 
650 |a Atomos 
650 |a Estructura Atómica 
650 |a Ph 
650 |a Oxidación 
650 |a Metales Alcalinos 
650 |a Metales 
650 |a Halógenos 
650 |a Gases Nobles 
650 |a Tabla Periódica 
650 |a Elementos Químicos 
650 |a Metalurgia 
650 |a Química Inorgánica 
910 |a Fondo General 
920 |a Impresos - Libros 
930 |a Colección General 
905 |a 101 
901 |a 0500071768  |b IT1  |c ACC  |u 20250521 
902 |a https://opac.biblio.iteso.mx/vufind/Record/000143219